[Event "I Festival del Salento A"]
[Site "Gallipoli ITA"]
[Date "2012.05.19"]
[Round "1"]
[White "Arnetta, Maria Teresa"]
[Black "Thorfinnsson, Bjorn"]
[Result "0-1"]
[WhiteElo "2020"]
[BlackElo "2388"]
[PlyCount "100"]
[EventDate "2012.05.19"]

1. e4 e5 2. Nf3 Nc6 3. d4 exd4 4. Nxd4 Bc5 5. Nb3 Bb6 6. Nc3 Nf6 7. Qe2 d6 8.
Be3 Be6 9. f3 Ne5 10. O-O-O O-O 11. Nd5 Bxd5 12. exd5 Re8 13. Bxb6 axb6 14. Kb1
Neg4 15. Qd2 Ne3 16. Bb5 Re7 17. Rde1 Nexd5 18. g4 c6 19. Bd3 Re5 20. c4 Nc7
21. g5 Nh5 22. h4 Qe7 23. Nd4 Re8 24. Rd1 g6 25. f4 Re3 26. f5 Ng3 27. Rhg1 Ne4
28. Qg2 Qe5 29. Nc2 Rg3 30. Qf1 Rxg1 31. Qxg1 gxf5 32. Qxb6 d5 33. Qxb7 Ne6 34.
cxd5 N6c5 35. Qxc6 Rb8 36. Bb5 Na4 37. Nd4 Rxb5 38. Qxb5 Nec3+ 39. bxc3 Nxc3+
40. Kc1 Qf4+ 41. Kc2 Nxb5 42. Nxb5 Qa4+ 43. Kc1 Qc4+ 44. Kb1 Qxb5+ 45. Kc1 Kf8
46. d6 Ke8 47. d7+ Kd8 48. Rd2 f4 49. Kd1 Qf1+ 50. Kc2 f3 0-1

[Event "I Festival del Salento A"]
[Site "Gallipoli ITA"]
[Date "2012.05.19"]
[Round "1"]
[White "Bellia, Fabrizio"]
[Black "Hocevar, Nikola"]
[Result "1-0"]
[WhiteElo "2425"]
[BlackElo "2044"]
[PlyCount "87"]
[EventDate "2012.05.19"]

1. e4 c5 2. Nf3 g6 3. d4 cxd4 4. Nxd4 Bg7 5. c4 Nc6 6. Be3 Nf6 7. Nc3 Ng4 8.
Qxg4 Nxd4 9. Qd1 e5 10. Bd3 d6 11. O-O O-O 12. Qd2 f5 13. exf5 gxf5 14. f4 Be6
15. Rae1 Qd7 16. b3 Rac8 17. Qf2 Nc6 18. Rc1 a6 19. Rfd1 Qf7 20. Bf1 Rfd8 21.
Nd5 Nd4 22. Nc3 Nc6 23. g3 e4 24. Bb6 Rd7 25. Qe3 Re8 26. Rd2 Ne7 27. Rcd1 Nc8
28. Bd4 Bxd4 29. Rxd4 Qg7 30. Nd5 Rf7 31. R1d2 Bxd5 32. Rxd5 Qa1 33. Kg2 Kg7
34. Be2 Ref8 35. Bd1 b6 36. b4 Rf6 37. a3 R8f7 38. Ba4 Rc7 39. R5d4 Qc1 40. Bc2
Qa1 41. Qb3 Qe1 42. Bd1 b5 43. Re2 bxc4 44. Rxc4 1-0

[Event "I Festival del Salento A"]
[Site "Gallipoli ITA"]
[Date "2012.05.19"]
[Round "1"]
[White "Bentivegna, Francesco"]
[Black "Minerba, Paolo"]
[Result "1-0"]
[WhiteElo "2276"]
[BlackElo "1808"]
[PlyCount "93"]
[EventDate "2012.05.19"]

1. e4 c5 2. Nc3 d6 3. f4 Nc6 4. Nf3 Nf6 5. Bb5 e6 6. e5 dxe5 7. fxe5 Nd5 8.
Bxc6+ bxc6 9. Ne4 Ba6 10. d3 Be7 11. Qe2 Rb8 12. O-O O-O 13. c4 Nb6 14. Bg5 h6
15. Bxe7 Qxe7 16. b3 Rbd8 17. Qf2 Nd7 18. Rae1 Bb7 19. Kh1 Rfe8 20. g4 Nf8 21.
Nd6 Rxd6 22. exd6 Qxd6 23. Ng5 f6 24. Ne4 Qe7 25. Qxc5 Qxc5 26. Nxc5 Bc8 27. d4
Kf7 28. Ne4 Rd8 29. c5 Ba6 30. Nd6+ Ke7 31. Rf3 Bc8 32. b4 Bd7 33. Ra3 Rb8 34.
Rb1 Ra8 35. Nc4 a6 36. Nb6 Ra7 37. Nxd7 Nxd7 38. b5 cxb5 39. Rxb5 Nf8 40. Rb6
Rd7 41. Ra4 e5 42. c6 Rxd4 43. Raxa6 Ne6 44. Rb7+ Ke8 45. Ra8+ Rd8 46. Rxd8+
Nxd8 47. c7 1-0

[Event "I Festival del Salento A"]
[Site "Gallipoli ITA"]
[Date "2012.05.19"]
[Round "1"]
[White "Khenkin, Igor"]
[Black "Delfino, Luigi"]
[Result "1-0"]
[WhiteElo "2670"]
[BlackElo "2190"]
[PlyCount "87"]
[EventDate "2012.05.19"]

1. d4 Nf6 2. c4 c5 3. d5 b5 4. cxb5 a6 5. bxa6 g6 6. Nc3 Bxa6 7. Nf3 d6 8. g3
Bg7 9. Bg2 Nfd7 10. O-O Nb6 11. Qc2 N8d7 12. Rd1 O-O 13. b3 Bxe2 14. Qxe2 Bxc3
15. Bb2 Bxb2 16. Qxb2 Nf6 17. Ne1 Qd7 18. Nc2 Rfc8 19. Ne3 Qa7 20. Bf1 Qa3 21.
Qd2 Rc7 22. Bb5 Qb4 23. a4 Ne4 24. Qxb4 cxb4 25. Bc6 Ra5 26. Rd4 Nc3 27. Rxb4
Ncxd5 28. Bxd5 Nxd5 29. Rb8+ Kg7 30. b4 Nxe3 31. bxa5 Nc4 32. a6 Ra7 33. Rb7
Rxa6 34. Rxe7 Kf6 35. Re4 d5 36. Rf4+ Ke6 37. Re1+ Ne5 38. Kg2 f5 39. Rh4 Kd6
40. Rxh7 Rxa4 41. Rh8 Re4 42. Rd1 Nd7 43. h4 Nf6 44. Rh6 1-0

[Event "I Festival del Salento A"]
[Site "Gallipoli ITA"]
[Date "2012.05.19"]
[Round "1"]
[White "Naumkin, Igor"]
[Black "Midonet, Matthieu"]
[Result "1-0"]
[WhiteElo "2472"]
[BlackElo "2116"]
[PlyCount "63"]
[EventDate "2012.05.19"]

1. d4 d5 2. c4 c6 3. Nf3 Nf6 4. Nc3 dxc4 5. a4 a5 6. e4 Bg4 7. Bxc4 e6 8. Be3
Bb4 9. Qd3 Nbd7 10. Rd1 Bxf3 11. gxf3 Qc7 12. O-O e5 13. Ne2 exd4 14. Nxd4 Ne5
15. Qe2 Nxc4 16. Qxc4 O-O 17. Nf5 Rad8 18. Kh1 g6 19. Bg5 Rxd1 20. Rxd1 Qe5 21.
Rg1 Qxb2 22. Be3 Qc3 23. Nh6+ Kg7 24. Qa2 Nh5 25. Bd4+ Kxh6 26. Bxc3 Bxc3 27.
Qa3 Bb4 28. Qe3+ Kg7 29. f4 Rd8 30. f5 Bd2 31. Qb6 Rd7 32. Qb2+ 1-0

[Event "I Festival del Salento A"]
[Site "Gallipoli ITA"]
[Date "2012.05.19"]
[Round "1"]
[White "Ottaviani, Gianluca"]
[Black "Lanzani, Mario"]
[Result "0-1"]
[WhiteElo "1949"]
[BlackElo "2327"]
[PlyCount "84"]
[EventDate "2012.05.19"]

1. e4 e5 2. Nf3 Nc6 3. Bb5 Nf6 4. O-O Nxe4 5. Re1 Nd6 6. Nxe5 Nxe5 7. Rxe5+ Be7
8. Bf1 O-O 9. d4 Bf6 10. Re1 Nf5 11. c3 d5 12. Bf4 c6 13. Nd2 Be6 14. Bd3 Re8
15. Qc2 g6 16. Nf3 Ng7 17. Be5 Bf5 18. Bxf5 Nxf5 19. Qd2 Be7 20. Re2 f6 21. Bg3
Bf8 22. Rxe8 Qxe8 23. Re1 Qd7 24. Bf4 g5 25. Bxg5 fxg5 26. Qxg5+ Ng7 27. Ne5
Qf5 28. Qh4 Re8 29. g4 Qf4 30. Re3 Be7 31. Qh3 Bd6 32. Nd3 Rxe3 33. Nxf4 Rxh3
34. Nxh3 Ne6 35. f3 Kg7 36. Nf2 Kf6 37. h4 Bg3 38. h5 Bxf2+ 39. Kxf2 Kg5 40.
Ke3 h6 41. Kf2 Kf4 42. Ke2 Ng5 0-1

[Event "I Festival del Salento A"]
[Site "Gallipoli ITA"]
[Date "2012.05.19"]
[Round "1"]
[White "Piscopo, Pierluigi"]
[Black "Ambrosanio, Raffaele"]
[Result "1/2-1/2"]
[WhiteElo "2366"]
[BlackElo "1967"]
[PlyCount "55"]
[EventDate "2012.05.19"]

1. e4 d6 2. Nc3 Nf6 3. f4 g6 4. Bc4 Bg7 5. d3 Nc6 6. a3 a6 7. Nf3 O-O 8. O-O
Bd7 9. Qe1 e6 10. Kh1 Qe7 11. Ba2 Kh8 12. f5 Ng8 13. Bg5 Bf6 14. Bd2 Rae8 15.
Qg3 Ne5 16. Rae1 Nxf3 17. Qxf3 c5 18. fxe6 fxe6 19. Qh3 Qg7 20. Rf3 Bxc3 21.
Bxc3 e5 22. Qg3 Rxf3 23. Qxf3 Rf8 24. Qe3 Nf6 25. h3 Nh5 26. b4 b6 27. a4 Bxa4
28. bxc5 1/2-1/2

[Event "I Festival del Salento A"]
[Site "Gallipoli ITA"]
[Date "2012.05.19"]
[Round "1"]
[White "Pizzuto, Samuele Tullio"]
[Black "Levin, Felix"]
[Result "1/2-1/2"]
[WhiteElo "2132"]
[BlackElo "2506"]
[PlyCount "104"]
[EventDate "2012.05.19"]

1. d4 Nf6 2. Nc3 d5 3. Bg5 Nbd7 4. e3 c6 5. f4 Ne4 6. Nxe4 dxe4 7. Qd2 Nb6 8.
c4 g6 9. Rc1 Be6 10. b3 Nc8 11. Ne2 Nd6 12. Nc3 Bg7 13. Bh4 b6 14. Be2 c5 15.
Rd1 O-O 16. Bf2 Qc7 17. O-O Rfd8 18. d5 Bd7 19. Qc2 f5 20. Bh4 Re8 21. Kh1 a6
22. g4 b5 23. gxf5 Bxf5 24. cxb5 Qa5 25. Be1 axb5 26. a4 b4 27. Nb5 Qb6 28. Bd2
Bd7 29. Nxd6 exd6 30. Bc1 Bf5 31. Rg1 Qa7 32. Rg5 Bf6 33. Rg3 Qg7 34. Rdg1 Ra7
35. Qc4 Qd7 36. Qc2 Qg7 37. Qc4 Bc3 38. Bg4 Rf7 39. Qa6 Qf8 40. R3g2 Qe7 41.
Qb5 Rc8 42. Qa6 Qd7 43. Qc4 Ra8 44. Bxf5 Rxf5 45. Qxe4 Re8 46. Qd3 Qf7 47. Rg5
Rxg5 48. Rxg5 Qe7 49. Kg2 Qe4+ 50. Qxe4 Rxe4 51. Kf3 Re8 52. Rg2 c4 1/2-1/2

[Event "I Festival del Salento A"]
[Site "Gallipoli ITA"]
[Date "2012.05.19"]
[Round "1"]
[White "Quaranta, Cristiano"]
[Black "Mogranzini, Roberto"]
[Result "0-1"]
[WhiteElo "2088"]
[BlackElo "2461"]
[PlyCount "46"]
[EventDate "2012.05.19"]

1. d4 Nf6 2. c4 g6 3. Nc3 Bg7 4. e4 d6 5. Nf3 O-O 6. h3 Na6 7. Be3 c5 8. d5 e6
9. Bd3 exd5 10. exd5 Nb4 11. Bb1 b5 12. a3 Qa5 13. O-O bxc4 14. Nd2 Nbxd5 15.
Nxc4 Nxe3 16. Nxa5 Nxd1 17. Rxd1 Rb8 18. Nc4 d5 19. Nxd5 Nxd5 20. Rxd5 Be6 21.
Rxc5 Rfc8 22. Rxc8+ Rxc8 23. Nd2 Rc1+ 0-1

[Event "I Festival del Salento A"]
[Site "Gallipoli ITA"]
[Date "2012.05.19"]
[Round "1"]
[White "Sprotte, Norbert"]
[Black "Malakhatko, Vadim"]
[Result "0-1"]
[WhiteElo "2180"]
[BlackElo "2526"]
[PlyCount "58"]
[EventDate "2012.05.19"]

1. d4 Nf6 2. Nf3 e6 3. e3 c5 4. Bd3 b6 5. O-O Bb7 6. c4 Be7 7. Nc3 cxd4 8. exd4
d5 9. cxd5 Nxd5 10. Bb5+ Bc6 11. Bxc6+ Nxc6 12. Qa4 Qd7 13. Nxd5 Qxd5 14. Be3
b5 15. Qb3 f6 16. Qxd5 exd5 17. Ne1 Kd7 18. Nd3 Rhc8 19. Nc5+ Bxc5 20. dxc5 Ke6
21. Rfe1 Kf7 22. Rad1 Rd8 23. Bf4 d4 24. Bd6 Re8 25. Rxe8 Rxe8 26. Kf1 f5 27.
b3 a6 28. f3 Re3 29. Bg3 Rc3 0-1

[Event "I Festival del Salento A"]
[Site "Gallipoli ITA"]
[Date "2012.05.20"]
[Round "2"]
[White "Ambrosanio, Raffaele"]
[Black "Pizzuto, Samuele Tullio"]
[Result "0-1"]
[WhiteElo "1967"]
[BlackElo "2132"]
[PlyCount "100"]
[EventDate "2012.05.19"]

1. c4 e5 2. g3 Nf6 3. Bg2 d5 4. cxd5 Nxd5 5. Nc3 Nb6 6. Rb1 Nc6 7. Nf3 Be7 8.
O-O O-O 9. d3 Re8 10. a3 Bf8 11. b4 Nd4 12. Nd2 c6 13. e3 Nf5 14. Qc2 Be6 15.
Bb2 Nd6 16. Rbc1 Rc8 17. Nf3 f6 18. Rfd1 Qd7 19. Na4 Nxa4 20. Qxa4 Qf7 21. Nd2
Rcd8 22. Qc2 Rd7 23. a4 Red8 24. Qc3 Nf5 25. Bf1 Ne7 26. e4 Nc8 27. Be2 Nb6 28.
a5 Na4 29. Qa3 Nxb2 30. Qxb2 a6 31. Nf3 Bb3 32. d4 Kh8 33. Rd3 Bc4 34. Re3 Bxe2
35. Rxe2 exd4 36. e5 Qd5 37. Nh4 fxe5 38. Qd2 Be7 39. Nf5 Bf6 40. Rd1 e4 41. g4
g6 42. Qh6 Rf7 43. Ng3 Bg5 44. Qh3 Re8 45. Nf1 Rf4 46. Qg3 Ref8 47. Qg2 d3 48.
Re3 Qd4 49. Kh1 Rxf2 50. Rxe4 Rxf1+ 0-1

[Event "I Festival del Salento A"]
[Site "Gallipoli ITA"]
[Date "2012.05.20"]
[Round "2"]
[White "Chandra, Akshat"]
[Black "Arnetta, Maria Teresa"]
[Result "1-0"]
[WhiteElo "2155"]
[BlackElo "2020"]
[PlyCount "81"]
[EventDate "2012.05.19"]

1. e4 c5 2. Nf3 Nc6 3. d4 cxd4 4. Nxd4 e5 5. Nb5 d6 6. N1c3 a6 7. Na3 b5 8. Nd5
Nge7 9. c4 Nxd5 10. cxd5 Nd4 11. Be3 f5 12. Bxd4 exd4 13. exf5 Qg5 14. Bd3 Qxg2
15. Qe2+ Be7 16. O-O-O Qg5+ 17. Kb1 Bxf5 18. Rhe1 Ra7 19. Nc2 Bxd3 20. Rxd3 O-O
21. Nxd4 Rf7 22. Nc6 Rc7 23. Ka1 Bf8 24. f3 g6 25. Qe8 Kg7 26. a3 a5 27. Ka2 b4
28. Nd8 Qf5 29. Ne6+ Kg8 30. Re4 Rce7 31. Qc8 b3+ 32. Rxb3 a4 33. Rd3 Qf6 34.
Rdd4 Qxf3 35. Qc2 Bh6 36. Qxa4 Bg7 37. Rc4 Qd3 38. Qa8+ Bf8 39. Red4 Qf3 40.
Rf4 Qd3 41. Qxf8+ 1-0

[Event "I Festival del Salento A"]
[Site "Gallipoli ITA"]
[Date "2012.05.20"]
[Round "2"]
[White "Delfino, Luigi"]
[Black "Piscopo, Pierluigi"]
[Result "0-1"]
[WhiteElo "2190"]
[BlackElo "2366"]
[PlyCount "80"]
[EventDate "2012.05.19"]

1. e4 c5 2. Nf3 Nc6 3. d4 cxd4 4. Nxd4 e5 5. Nb5 d6 6. N1c3 a6 7. Na3 Be7 8.
Nc4 b5 9. Ne3 Nf6 10. Bd3 O-O 11. Ncd5 Nxd5 12. Nxd5 Bg5 13. O-O Bxc1 14. Qxc1
Be6 15. c3 Bxd5 16. exd5 Ne7 17. a4 Qb6 18. Qc2 g6 19. Qb3 Rab8 20. axb5 axb5
21. Rfd1 Rfc8 22. Be2 Rc5 23. Qa2 b4 24. Qa7 Qxa7 25. Rxa7 bxc3 26. bxc3 Nxd5
27. Bf1 Nxc3 28. Rxd6 Rb1 29. g3 Nb5 30. Rd8+ Kg7 31. Rb7 Rcc1 32. Rdd7 Rxf1+
33. Kg2 Rg1+ 34. Kh3 Kf6 35. Rb6+ Kg7 36. Rbb7 Kf6 37. Rb6+ Kg5 38. Rxf7 Nd4
39. Rd6 Nf5 40. Re6 Rb2 0-1

[Event "I Festival del Salento A"]
[Site "Gallipoli ITA"]
[Date "2012.05.20"]
[Round "2"]
[White "Hocevar, Nikola"]
[Black "Sprotte, Norbert"]
[Result "0-1"]
[WhiteElo "2044"]
[BlackElo "2180"]
[PlyCount "88"]
[EventDate "2012.05.19"]

1. c4 e6 2. Nf3 Nf6 3. d4 Bb4+ 4. Nbd2 b6 5. e3 Bb7 6. Bd3 O-O 7. O-O d5 8. a3
Be7 9. b3 Nbd7 10. Bb2 c5 11. Qe2 Ne4 12. Ne1 f5 13. Rd1 Qe8 14. f3 Nxd2 15.
Rxd2 Qh5 16. f4 Qxe2 17. Rxe2 Rac8 18. Nf3 h6 19. Rc1 g5 20. Ne5 Nxe5 21. fxe5
Ba6 22. Rd2 Bb7 23. Rf2 g4 24. g3 Bg5 25. Re2 Rfd8 26. Kf2 cxd4 27. Bxd4 Kf7
28. c5 bxc5 29. Rxc5 Be7 30. Rxc8 Rxc8 31. b4 a6 32. Rb2 Rc1 33. Rc2 Rxc2+ 34.
Bxc2 Bc6 35. Ke2 Ke8 36. Kd2 h5 37. Kc3 h4 38. Kb3 h3 39. Bc3 Bg5 40. Bd3 Bb5
41. Bxb5+ axb5 42. a4 Bxe3 43. axb5 f4 44. Be1 f3 0-1

[Event "I Festival del Salento A"]
[Site "Gallipoli ITA"]
[Date "2012.05.20"]
[Round "2"]
[White "Levin, Felix"]
[Black "Bentivegna, Francesco"]
[Result "1/2-1/2"]
[WhiteElo "2506"]
[BlackElo "2276"]
[PlyCount "65"]
[EventDate "2012.05.19"]

1. d4 Nf6 2. Nf3 c5 3. e3 d5 4. c4 e6 5. cxd5 exd5 6. Bb5+ Bd7 7. Bxd7+ Nbxd7
8. dxc5 Nxc5 9. O-O Be7 10. Nc3 O-O 11. b3 Rc8 12. Bb2 Nce4 13. Ne2 Qa5 14. a3
Qb6 15. Nfd4 Rfd8 16. f3 Nc5 17. a4 Bf8 18. a5 Qa6 19. Nc1 Re8 20. Re1 Ncd7 21.
Nd3 g6 22. Qd2 Bh6 23. b4 Qd6 24. Nb3 Rc4 25. Bd4 b6 26. Qb2 Bg7 27. Re2 Qc6
28. axb6 axb6 29. Qd2 Ra8 30. Rxa8+ Qxa8 31. Qa2 Qc8 32. b5 Nc5 33. Ne5 1/2-1/2

[Event "I Festival del Salento A"]
[Site "Gallipoli ITA"]
[Date "2012.05.20"]
[Round "2"]
[White "Midonet, Matthieu"]
[Black "Ottaviani, Gianluca"]
[Result "1-0"]
[WhiteElo "2116"]
[BlackElo "1949"]
[PlyCount "87"]
[EventDate "2012.05.19"]

1. e4 e5 2. f4 d5 3. exd5 exf4 4. Nf3 Nf6 5. Bc4 Bd6 6. O-O O-O 7. d4 Re8 8.
Nc3 Nbd7 9. Qd3 Nh5 10. Ne4 Ndf6 11. Nxd6 cxd6 12. Bd2 Ne4 13. Bb4 Qf6 14. Rae1
Bf5 15. Qd1 g5 16. Bb5 g4 17. Bxe8 gxf3 18. Qxf3 Qxd4+ 19. Kh1 Nhg3+ 20. hxg3
Nxg3+ 21. Kh2 Nxf1+ 22. Qxf1 Qxb4 23. Qe2 Qxb2 24. Qe7 Qg7 25. Kh1 Qh6+ 26. Kg1
Qg6 27. Qxb7 Rd8 28. Re7 Rxe8 29. Rxe8+ Kg7 30. Qb2+ Kh6 31. Qd4 Qg3 32. Qf6+
Qg6 33. Qxg6+ Kxg6 34. Rd8 Kf6 35. Rxd6+ Ke7 36. Rc6 Be4 37. c4 f3 38. gxf3
Bxf3 39. Ra6 Be2 40. Rxa7+ Kd6 41. Ra6+ Kd7 42. Rc6 f5 43. c5 Bc4 44. a4 1-0

[Event "I Festival del Salento A"]
[Site "Gallipoli ITA"]
[Date "2012.05.20"]
[Round "2"]
[White "Minerba, Paolo"]
[Black "Quaranta, Cristiano"]
[Result "1/2-1/2"]
[WhiteElo "1808"]
[BlackElo "2088"]
[PlyCount "97"]
[EventDate "2012.05.19"]

1. e4 e6 2. d4 d5 3. exd5 exd5 4. Nf3 Nc6 5. Nc3 Bg4 6. Be2 Qd7 7. Bf4 Bb4 8.
O-O Bxc3 9. bxc3 f6 10. Rb1 O-O-O 11. Qd3 Qf5 12. Qxf5+ Bxf5 13. Bd3 Nge7 14.
Rfe1 Rhe8 15. Re3 g5 16. Bg3 Bxd3 17. cxd3 Nf5 18. Rxe8 Rxe8 19. Re1 Rxe1+ 20.
Nxe1 b5 21. a3 a5 22. Nc2 b4 23. cxb4 axb4 24. axb4 Ncxd4 25. Nxd4 Nxd4 26. h4
h6 27. hxg5 hxg5 28. Kf1 Nc2 29. b5 Nd4 30. f4 g4 31. b6 c5 32. Bf2 Nb3 33. f5
Kb7 34. Bh4 Nd4 35. Bxf6 Nxf5 36. Bd8 Kc6 37. Kf2 Kb7 38. Bc7 c4 39. dxc4 dxc4
40. Ke2 Nh4 41. g3 Nf5 42. Kd2 Nxg3 43. Bxg3 Kxb6 44. Kc3 Kc5 45. Bf2+ Kd5 46.
Bg3 Ke4 47. Kxc4 Kf3 48. Bc7 g3 49. Bxg3 1/2-1/2

[Event "I Festival del Salento A"]
[Site "Gallipoli ITA"]
[Date "2012.05.20"]
[Round "2"]
[White "Thorfinnsson, Bjorn"]
[Black "Collutiis, Duilio"]
[Result "1/2-1/2"]
[WhiteElo "2388"]
[BlackElo "2513"]
[PlyCount "138"]
[EventDate "2012.05.19"]

1. d4 d5 2. c4 c6 3. Nf3 Nf6 4. Nc3 dxc4 5. a4 Bf5 6. Ne5 Nbd7 7. Nxc4 Qc7 8.
g3 e5 9. dxe5 Nxe5 10. Bf4 Nfd7 11. Bg2 f6 12. O-O O-O-O 13. Nxe5 Nxe5 14. Qb3
Qf7 15. Qxf7 Nxf7 16. a5 a6 17. Na4 Bd6 18. Be3 Ne5 19. Rfc1 Kb8 20. h3 Rhe8
21. Nc5 Bc8 22. Rc3 Bxc5 23. Rxc5 Nf7 24. Bf4+ Ka8 25. b4 Nd6 26. Rd1 Nb5 27.
Rxd8 Rxd8 28. Rc2 Rd1+ 29. Kh2 Nd4 30. Rc1 Rxc1 31. Bxc1 Be6 32. Bb2 Nb3 33. g4
c5 34. bxc5 Nxa5 35. g5 Nc4 36. Bc3 fxg5 37. Bxg7 h5 38. c6 Na5 39. c7 Nc6 40.
Bf3 g4 41. Bd5 Bd7 42. h4 Ka7 43. Bf7 Kb6 44. Bxh5 Kxc7 45. e4 Kd6 46. Bf7 Be6
47. Be8 Ke7 48. Bxc6 bxc6 49. Bc3 Kf7 50. h5 Bb3 51. Kg3 Bc2 52. Kf4 Bd3 53.
Kf5 Bc2 54. h6 Kg8 55. Kf4 Kh7 56. Bg7 Kg6 57. Bf8 a5 58. e5 Bb3 59. Kxg4 Be6+
60. Kh4 a4 61. h7 Kxh7 62. Kg5 Kg8 63. Ba3 Kf7 64. f4 c5 65. Bxc5 a3 66. Bxa3
Bc8 67. f5 Bd7 68. e6+ Bxe6 69. fxe6+ Kxe6 1/2-1/2

[Event "I Festival del Salento A"]
[Site "Gallipoli ITA"]
[Date "2012.05.20"]
[Round "3"]
[White "Arnetta, Maria Teresa"]
[Black "Delfino, Luigi"]
[Result "1/2-1/2"]
[WhiteElo "2020"]
[BlackElo "2190"]
[PlyCount "32"]
[EventDate "2012.05.19"]

1. e4 c5 2. b3 d6 3. Bb2 e6 4. Bb5+ Nd7 5. Bxd7+ Bxd7 6. Nf3 Bc6 7. d3 Nf6 8.
Nbd2 Be7 9. Qe2 O-O 10. O-O Rc8 11. Rfe1 Nd7 12. a4 Bf6 13. e5 Nxe5 14. Nxe5
Bxe5 15. Bxe5 dxe5 16. Qxe5 Qd5 1/2-1/2

[Event "I Festival del Salento A"]
[Site "Gallipoli ITA"]
[Date "2012.05.20"]
[Round "3"]
[White "Bellia, Fabrizio"]
[Black "Thorfinnsson, Bjorn"]
[Result "0-1"]
[WhiteElo "2425"]
[BlackElo "2388"]
[PlyCount "80"]
[EventDate "2012.05.19"]

1. e4 e5 2. Nf3 Nc6 3. Bb5 f5 4. d3 fxe4 5. dxe4 Nf6 6. Qd3 Bc5 7. Nc3 d6 8.
Be3 Bxe3 9. fxe3 O-O 10. Qc4+ Kh8 11. Bxc6 bxc6 12. Qxc6 Rb8 13. O-O-O Rb6 14.
Qc4 Ba6 15. Qa4 Qb8 16. b3 Bb5 17. Qa5 Bc6 18. Nd5 Bxd5 19. exd5 Rb5 20. Qe1
Rxd5 21. Rxd5 Nxd5 22. e4 Nf4 23. Qd2 Qb6 24. Re1 Ne6 25. Qe3 Qa5 26. Kb2 Nc5
27. a3 Qb6 28. Ka2 a5 29. Rd1 Qc6 30. Rd5 Ne6 31. Kb2 a4 32. b4 h6 33. g3 Kh7
34. h4 Rf6 35. h5 Qe8 36. g4 Rf4 37. Nh2 Ng5 38. Qa7 Qf7 39. Qb8 Rf2 40. Ra5
Qb3+ 0-1

[Event "I Festival del Salento A"]
[Site "Gallipoli ITA"]
[Date "2012.05.20"]
[Round "3"]
[White "Minerba, Paolo"]
[Black "Ambrosanio, Raffaele"]
[Result "1/2-1/2"]
[WhiteElo "1808"]
[BlackElo "1967"]
[PlyCount "50"]
[EventDate "2012.05.19"]

1. e4 d6 2. d4 Nf6 3. Nc3 g6 4. Nf3 Bg7 5. Be2 c6 6. a4 a5 7. O-O O-O 8. Be3
Na6 9. Qd2 Nb4 10. Ne1 Qc7 11. Nd3 e5 12. dxe5 dxe5 13. Bc5 Rd8 14. Qc1 Na6 15.
Be3 Be6 16. Nc5 Nxc5 17. Bxc5 Nd7 18. Be3 Qd6 19. Rd1 Qe7 20. Bh6 Nc5 21. Qe3
Bxh6 22. Qxh6 Rd4 23. Qe3 Rad8 24. Bd3 f6 25. Rd2 Bf7 1/2-1/2

[Event "I Festival del Salento A"]
[Site "Gallipoli ITA"]
[Date "2012.05.20"]
[Round "3"]
[White "Ottaviani, Gianluca"]
[Black "Hocevar, Nikola"]
[Result "1/2-1/2"]
[WhiteElo "1949"]
[BlackElo "2044"]
[PlyCount "58"]
[EventDate "2012.05.19"]

1. e4 c5 2. Nf3 g6 3. Nc3 Bg7 4. g3 Nc6 5. Bg2 d6 6. O-O e6 7. d3 Nge7 8. Ne2
d5 9. c3 O-O 10. Qc2 b6 11. Rd1 Bb7 12. Rb1 Rc8 13. a3 Qc7 14. Nf4 Rfd8 15.
exd5 exd5 16. Bh3 Ra8 17. Qe2 d4 18. c4 Re8 19. Re1 h6 20. Nd5 Qd8 21. Nf4 Kf8
22. b4 Qd6 23. bxc5 Qxc5 24. Bd7 Red8 25. Rb5 Qd6 26. Bg4 Ba6 27. Rb1 Na5 28.
Nd2 Bb7 29. Bf3 Re8 1/2-1/2

[Event "I Festival del Salento A"]
[Site "Gallipoli ITA"]
[Date "2012.05.20"]
[Round "3"]
[White "Piscopo, Pierluigi"]
[Black "Malakhatko, Vadim"]
[Result "1/2-1/2"]
[WhiteElo "2366"]
[BlackElo "2526"]
[PlyCount "37"]
[EventDate "2012.05.19"]

1. e4 c6 2. d4 d5 3. exd5 cxd5 4. c4 Nf6 5. Nc3 e6 6. Nf3 Be7 7. cxd5 Nxd5 8.
Bd3 Nc6 9. O-O O-O 10. Re1 Nf6 11. Bg5 b6 12. a3 Bb7 13. Bc2 Re8 14. Qd3 g6 15.
Rad1 Rc8 16. h4 a6 17. Ne5 Nxe5 18. dxe5 Qxd3 19. Bxd3 1/2-1/2

[Event "I Festival del Salento A"]
[Site "Gallipoli ITA"]
[Date "2012.05.20"]
[Round "3"]
[White "Pizzuto, Samuele Tullio"]
[Black "Mogranzini, Roberto"]
[Result "0-1"]
[WhiteElo "2132"]
[BlackElo "2461"]
[PlyCount "122"]
[EventDate "2012.05.19"]

1. d4 Nf6 2. Nc3 d5 3. Bg5 Nbd7 4. e3 e6 5. Qf3 Bb4 6. Nge2 h6 7. Bxf6 Qxf6 8.
O-O-O c6 9. Qg3 Qg5 10. Qh3 Nf6 11. Kb1 e5 12. f4 Qg6 13. Qf3 Bg4 14. Qf2 exd4
15. exd4 O-O 16. h3 Bxe2 17. Nxe2 Ne4 18. Qg1 Rfe8 19. g4 Re7 20. f5 Qd6 21. c3
Ba5 22. h4 Qf6 23. Rh3 Bc7 24. Nc1 Rae8 25. Bd3 b6 26. Qg2 Bf4 27. Ne2 Bd6 28.
Rg1 Kh8 29. Ka1 h5 30. gxh5 Qh6 31. a3 Nf6 32. c4 dxc4 33. Bxc4 c5 34. Qc6 Bb8
35. Nc3 cxd4 36. Nb5 Qxh5 37. Nxd4 Be5 38. Nf3 Bf4 39. Ka2 Qxf5 40. Rhh1 Rc8
41. Qb5 Qxb5 42. Bxb5 Kg8 43. Rg2 Rd8 44. Bc4 Kf8 45. Ng5 Rd2 46. Rxd2 Bxd2 47.
Rd1 Bxg5 48. hxg5 Nd7 49. Bb5 Ke8 50. Rh1 Kd8 51. Rh8+ Kc7 52. g6 fxg6 53. Bd3
Ne5 54. Be4 Kd6 55. Rd8+ Ke6 56. Kb3 g5 57. Rf8 Nd7 58. Bf5+ Ke5 59. Bxd7 Rxd7
60. Kc3 g4 61. Re8+ Kf4 0-1

[Event "I Festival del Salento A"]
[Site "Gallipoli ITA"]
[Date "2012.05.20"]
[Round "3"]
[White "Sprotte, Norbert"]
[Black "Levin, Felix"]
[Result "0-1"]
[WhiteElo "2180"]
[BlackElo "2506"]
[PlyCount "62"]
[EventDate "2012.05.19"]

1. d4 Nf6 2. Nf3 c5 3. d5 b5 4. Bg5 d6 5. Bxf6 exf6 6. e3 a6 7. a4 b4 8. Nbd2
Be7 9. a5 f5 10. Nc4 Nd7 11. g3 O-O 12. Bg2 Rb8 13. O-O Qc7 14. h4 Bf6 15. h5
g6 16. Qd3 Bg7 17. hxg6 hxg6 18. e4 fxe4 19. Qxe4 Nf6 20. Qh4 Bf5 21. Ne3 Qd7
22. Ng5 Rfe8 23. Rac1 Re7 24. Qc4 Bh6 25. Qh4 Kg7 26. Rce1 Rbe8 27. Re2 b3 28.
c3 Bd3 29. Rfe1 Bxe2 30. Rxe2 Re5 31. Nf3 Re4 0-1

[Event "I Festival del Salento A"]
[Site "Gallipoli ITA"]
[Date "2012.05.21"]
[Round "4"]
[White "Ambrosanio, Raffaele"]
[Black "Quaranta, Cristiano"]
[Result "0-1"]
[WhiteElo "1967"]
[BlackElo "2088"]
[PlyCount "90"]
[EventDate "2012.05.19"]

1. c4 e5 2. g3 f5 3. Bg2 Nf6 4. Nc3 d6 5. Nh3 Be7 6. d4 c6 7. O-O O-O 8. dxe5
dxe5 9. Qc2 Qe8 10. a3 Qh5 11. f3 Be6 12. b3 f4 13. g4 Bc5+ 14. Nf2 Qh4 15.
Nce4 Nxe4 16. Qxe4 Bd4 17. Ra2 Nd7 18. Qc2 h5 19. Qg6 Bf7 20. Qf5 Rad8 21. gxh5
Bxc4 22. Qh3 Qxh3 23. Bxh3 Bxb3 24. Rd2 Nf6 25. Kh1 Bxf2 26. Rxf2 Rxd2 27. Bxd2
Kf7 28. e4 Be6 29. Bf1 Rd8 30. Bc3 Rd1 31. Kg2 Nd7 32. Rb2 b6 33. a4 Bh3+ 34.
Kxh3 Rxf1 35. Kg4 Ke6 36. Rg2 Nf6+ 37. Kg5 Rxf3 38. Bb4 c5 39. Be1 Rh3 40. Kg6
Rxh5 41. h4 Rh8 42. Rc2 Nxe4 43. Kxg7 Rd8 44. h5 Nf6 45. Rh2 Rg8+ 0-1

[Event "I Festival del Salento A"]
[Site "Gallipoli ITA"]
[Date "2012.05.21"]
[Round "4"]
[White "Bellia, Fabrizio"]
[Black "Chandra, Akshat"]
[Result "1-0"]
[WhiteElo "2425"]
[BlackElo "2155"]
[PlyCount "111"]
[EventDate "2012.05.19"]

1. e4 c5 2. Nf3 Nc6 3. d4 cxd4 4. Nxd4 Nf6 5. Nc3 d6 6. Bg5 e6 7. Qd2 Be7 8.
O-O-O O-O 9. f4 Nxd4 10. Qxd4 Qa5 11. Bc4 Bd7 12. e5 dxe5 13. fxe5 Bc6 14. Bd2
Nd7 15. Nd5 Qd8 16. Nxe7+ Qxe7 17. Rhe1 Rfd8 18. Qg4 Nf8 19. Bd3 Rxd3 20. cxd3
Qd7 21. Bb4 Qd5 22. Bxf8 Rxf8 23. Kb1 Qxg2 24. Qxg2 Bxg2 25. Rc1 Bc6 26. Kc2 h6
27. Kd2 Rd8 28. Ke3 Rd7 29. Rg1 Kh7 30. d4 Bd5 31. a3 Bc6 32. Rg3 g6 33. Rf1
Kg7 34. Rf4 a5 35. Rg1 Rd5 36. Rgf1 Be8 37. Rc1 Rb5 38. Rf2 Bc6 39. Rc5 Rb3+
40. Rc3 Rb6 41. b3 g5 42. Kd2 Be4 43. Rf6 Bg6 44. Ke3 Rb5 45. Rf2 Rb6 46. Rb2
f5 47. exf6+ Kxf6 48. Rc5 Ra6 49. Rc7 b6 50. Rf2+ Bf5 51. Rc6 Ke7 52. d5 Kd7
53. Kd4 exd5 54. Rxh6 Be4 55. Rf7+ Ke8 56. Rb7 1-0